CLOUD COMPUTING WITH SECURITY CONCEPTS AND PRACTICES (Record no. 217009)

MARC details
000 -LEADER
fixed length control field 00562nam a22001817a 4500
008 - FIXED-LENGTH DATA ELEMENTS--GENERAL INFORMATION
fixed length control field 260420b |||||||| |||| 00| 0 eng d
020 ## - INTERNATIONAL STANDARD BOOK NUMBER
International Standard Book Number 978-3-030-24611-2
050 ## - LIBRARY OF CONGRESS CALL NUMBER
Classification number QA 76.9 .C58 S44 2020
100 ## - MAIN ENTRY--PERSONAL NAME
Personal name SEHGAL, NARESH KUMAR
245 ## - TITLE STATEMENT
Title CLOUD COMPUTING WITH SECURITY CONCEPTS AND PRACTICES
250 ## - EDITION STATEMENT
Edition statement 2ND
260 ## - PUBLICATION, DISTRIBUTION, ETC.
Place of publication, distribution, etc. CHAM ,SWITZERLAND
Name of publisher, distributor, etc. SPRINGER
Date of publication, distribution, etc. 2020
500 ## - GENERAL NOTE
General note INCLUDES BIBLIOGRAPHICAL REFERNCES AND INDEX
650 ## - SUBJECT ADDED ENTRY
Topical term or geographic name entry element CLOUD COMPUTING
700 ## - ADDED ENTRY--PERSONAL NAME
Personal name BHATT, PRAMOD CHANDRA , ACKEN, JOHN M.
942 ## - ADDED ENTRY ELEMENTS (KOHA)
Source of classification or shelving scheme Library of Congress Classification
Koha item type Computer Files
Holdings
Withdrawn status Lost status Source of classification or shelving scheme Damaged status Not for loan Collection Home library Current library Shelving location Date acquired Inventory number Total checkouts Full call number Barcode Date last seen Date last checked out Copy number Price effective from Koha item type
    Library of Congress Classification     Science & Technology Kisii University Library Kisii University Library On Display 04/20/2026 113053   QA 76.9 .C58 S44 2020 A001698 04/20/2026 04/20/2026 1 04/20/2026 Long Loan Book
    Library of Congress Classification     Science & Technology Kisii University Library Kisii University Library On Display 04/20/2026 113054   QA 76.9 .C58 S44 2020 A001697 04/20/2026 04/20/2026 2 04/20/2026 Long Loan Book
    Library of Congress Classification     Science & Technology Kisii University Library Kisii University Library On Display 04/20/2026 113055   QA 76.9 .C58 S44 2020 A001700 04/20/2026 04/20/2026 3 04/20/2026 Long Loan Book
    Library of Congress Classification     Science & Technology Kisii University Library Kisii University Library On Display 04/20/2026 113056   QA 76.9 .C58 S44 2020 A001699 04/20/2026 04/20/2026 4 04/20/2026 Long Loan Book